000 00839nam a2200229Ii 4500
003 JO-AjNU
008 230605s9999||||xx |||||||||||||| ||und||
017 _a2010/13854
020 _a977-6223-23-6
040 _aJO-AjNU
_bara
_erda
_cJO-AjNU
041 _aara
050 1 4 _aKZ7312.A45.2011
100 3 _aأحمد، إبراهيم سيد,
_eauthor
_944415
245 0 0 _aنظرة فى بعض أليات عمل المحكمة الجنائية الدولية
250 _aط1
264 3 1 _aالقاهرة : المركز القومى للإصدارات القانونية ، 2011
300 _a405ص
336 _atext
_btxt
_2rdacontent
337 _aunmediated
_bn
_2rdamedia
338 _avolume
_bnc
_2rdacarrier
650 4 _aحقوق الإنسان (قانون دولي) -- المحكمة الجنائية الدولية
_944416
999 _aA19177
_c22745
_d22745